00494nam a2200169Ia 4500008004100000082001400041100002400055245003500079250000600114260003300120300001500153500002400168650001200192942000700204952009600211999001700307230524s9999 xx 000 0 und d a4.22bSEX aSwati Saxena942022 0aAdvanced Computer Architecture a1 aNew DelhibDhanpat raic2013 a"XI,339p;" aQuantity Number: 1 aComp-Sc cBK 00104070aTATCLbTATCLcGENd2023-05-24l0o004.22 SEXp53876r2023-05-24w2023-05-24yBK c56436d56436